LIBRARY & INFORMATION CENTRE, KCAET, TAVANUR

ONLINE PUBLIC ACCESS CATALOGUE (OPAC)

Normal view MARC view
  • Loper, Carl R and Rosenthal, Philip C

Entry Personal Name

Number of records used in: 1

001 - CONTROL NUMBER

  • control field: 7110

003 - CONTROL NUMBER IDENTIFIER

  • control field: OSt

005 - DATE AND TIME OF LATEST TRANSACTION

  • control field: 20250207154302.0

008 - FIXED-LENGTH DATA ELEMENTS

  • fixed length control field: 250207|| aca||aabn | a|a d

040 ## - CATALOGING SOURCE

  • Original cataloging agency: OSt
  • Transcribing agency: OSt

100 ## - HEADING--PERSONAL NAME

  • Personal name: Loper, Carl R and Rosenthal, Philip C

670 ## - SOURCE DATA FOUND

  • Source citation: Work cat.: (OSt)19339: Heine, Richard W 7109, Principles of Metal Casting, 1991.
free website counter